00476nam a2200193 a 4500001001300000003000900013005001700022008004100039020001000080082001600090100002300106245001800129260002700147300000800174500003500182505002600217650001600243700002300259nice12345678IN_TiNIC20260116012002.0050524s1915 naga grp 000 0 urd  ac10000a891.41bSAL aSale, Canon Edward aJami Ul Ashar aNagpurbDattsonsc1915 a40p aincludes index and biblioraphy2 aworld christian books aUrdu-Poetry1 aSale, Canon Edward